Study Of The Credibility Of Utilizing Big Data in Various Domains (Record no. 75085)

MARC details
000 -LEADER
fixed length control field 00448nam a2200133Ia 4500
008 - FIXED-LENGTH DATA ELEMENTS--GENERAL INFORMATION
fixed length control field 221007s9999 xx 000 0 und d
041 ## - LANGUAGE CODE
Language code of text/sound track or separate title eng
082 ## - DEWEY DECIMAL CLASSIFICATION NUMBER
Item number MAT
100 ## - MAIN ENTRY--PERSONAL NAME
Personal name Mathew Sharon - 2k141077; Dr.Rachana Shikhare - Guide & [Company Name] - L&T Infotech
9 (RLIN) 103752
245 ## - TITLE STATEMENT
Title Study Of The Credibility Of Utilizing Big Data in Various Domains
260 ## - PUBLICATION, DISTRIBUTION, ETC. (IMPRINT)
Date of publication, distribution, etc. Sep-15
Name of publisher, distributor, etc. Savitribai Phule Pune University
Place of publication, distribution, etc. Pune
300 ## - PHYSICAL DESCRIPTION
Extent 80p
906 ## - LOCAL DATA ELEMENT F, LDF (RLIN)
b General
Holdings
Withdrawn status Lost status Damaged status Not for loan Home library Current library Date acquired Vendor Full call number Barcode Date last seen Bill Date Koha item type Original Barcode
        Smt. Hiraben Nanavati Institute of Management & Research for Women Smt. Hiraben Nanavati Institute of Management & Research for Women 21/07/2016 HNIMR MAT HIMR-PR-616 07/10/2022 07/10/2022 Project Reports PR0616